| 000 | 00749nam a22001937a 4500 | ||
|---|---|---|---|
| 999 |
_c62825 _d62825 |
||
| 003 | Ge_BSU | ||
| 005 | 20250304172324.0 | ||
| 008 | 250304s1961 ge ||||| |||| 00| 0 geo d | ||
| 041 | _ageo | ||
| 080 | _a616.523 ს-34 | ||
| 100 |
_aსაყვარელიძე, დ. _9550 |
||
| 245 |
_aზოსტერის ეტიოპათოგენეზი, კლინიკა და მკურნალობა / _cდ. საყვარელიძე. |
||
| 264 |
_aთბ. : _bსაბჭ. საქართველო, _c 1961. |
||
| 300 |
_a183 გვ. : _bილ. ; _c20 სმ. |
||
| 653 | _aზოსტერი | ||
| 653 | _aჰერპესი | ||
| 653 | _aმედიცინა | ||
| 942 |
_2udc _cᲬᲘᲒᲜᲘ |
||